Válka termitů

Bibliographic Details
Other Authors: Calderon, Phillippe, 1955- (Director)
Format: Video DVD
Language:French
Czech
Hungarian
PhysicalDescription:1 videodisk DVD) (82 min.) fareb., zvuk.
Published: [Bratislava] Intersonic 2007
Subjects:

MARC

LEADER 00000ngm a2200000 a 4500
001 vtls009088673
003 SK-MaSNL
005 20260301094116.0
007 vd cvaizs
008 070823s2007 xo 082 g vlfre
028 4 2 |a 99342  |b Intersonic 
040 |a SNK  |b slo  |c SNK  |e AACR2 
041 1 |a fre  |a cze  |a hun  |h cze  |b hun  |h fre 
044 |a xo  |c SK 
072 7 |a 791  |x Film. Cirkus. Ľudová zábava  |2 konspekt 
072 7 |a 59  |x Zoológia  |2 konspekt 
080 |a 595.732  |2 2001 
080 |a 791.229  |2 2001 
080 |a (0.034.44)  |2 2001 
130 3 |a La Citadelle assiégée  |l Česky  |9 427412 
245 1 0 |a Válka termitů  |h videozáznam  |c [réžia Phillippe Calderon] 
260 |a [Bratislava]  |b Intersonic  |c 2007 
300 |a 1 videodisk DVD) (82 min.)  |b fareb., zvuk. 
538 |a Zvuk Dolby Digital; obraz PAL 16:9 
546 |a V originálnom franc. znení, dabing český a maďarský, titulky české a maďarské 
650 0 7 |a termity  |2 SNKPH  |9 236560 
650 0 7 |a dokumentárne filmy  |2 SNKPH  |9 3400 
655 7 |a DVD  |2 SNKPH  |9 70751 
700 1 |a Calderon, Phillippe,  |d 1955-  |4 drt  |9 427413 
999 |c 679224  |d 681154 
952 |a SNK  |b SNK  |y PREZ  |7 0  |p 17A0561909  |o snkSDVD 231  |i snk2007/19360  |8 0  |0 0  |1 0  |4 0  |d 2007-08-23  |l 0  |r 2026-02-23 19:52:15  |w 2026-02-23